000 00659nam a2200217 i 4500
001 C2-0137999
003 PPAK
005 20180727124530.0
008 971222s xx a|||| ||||| | may d
040 _aPPAK
_beng
_cPPAK
_erda
082 0 4 _a324.2595
_223
090 0 0 _a324.2595
_bUMN
_dKK
245 0 0 _aUMNO 20 tahun
264 1 _a[place of publication not identified] :
_b[publisher not identified] ,
_c[date of publication not identified]
300 _a101 pages :
_billustrations ;
_c29 cm
336 _2rdacontent
_atext
337 _2rdamedia
_aunmediated
338 _2rdacarrier
_avolume
650 1 0 _aPolitical Parties - Malaysia
942 _ddc
_cB
999 _c43298
_d43298